000 00375nam a2200157Ia 4500
003 0STCL
008 150530s9999 xx 000 0 und d
040 _aSTCL
_cSTCL
100 _aSir William Foster, C.I.E.
245 _aEmbassy of Sir Thomas Roe to India 1615-19
260 _c1926
546 _aEnglish
942 _2ddc
_cBK
999 _c69219
_d69219
005 20220125171413.0